El casamiento de laucha /
Guardado en:
| Autor Principal: | |
|---|---|
| Formato: | Libro |
| Publicado: |
Buenos Aires :
Losada,
1971
|
| Edición: | 8a. ed. |
| Series: | Biblioteca Clásica y Contemporánea
|
| Materias: | |
| Etiquetas: |
Agregar Etiqueta
Sin Etiquetas, Sea el primero en etiquetar este registro!
|
| LEADER | 00695nam a22002295a 4500 | ||
|---|---|---|---|
| 001 | CEM.cems004947 | ||
| 005 | 20101123101949.0 | ||
| 008 | 130507s1971##################000#0#####d | ||
| 003 | CEMS | ||
| 082 | 0 | 4 | |a A868.3 |
| 100 | 1 | |a Payró, Roberto J. | |
| 245 | 1 | 0 | |a El casamiento de laucha / |c Roberto J. Payró |
| 250 | |a 8a. ed. | ||
| 260 | |a Buenos Aires : |b Losada, |c 1971 | ||
| 300 | |a 165 p. | ||
| 490 | 0 | |a Biblioteca Clásica y Contemporánea | |
| 505 | 0 | |a El casamiento de Laucha -- Chamijo -- El falso inca | |
| 653 | |a Literatura | ||
| 653 | |a Literatura argentina | ||
| 653 | |a Cuentos | ||
| 653 | |a Cuento argentino 1889-1910 | ||
| 859 | |a CEMS |b BIB. CEMS - 11 de abril |h A868.3 |i P295-3a8 |p 3315.74 |t Ej.1 | ||
